[Event "Huesca Province-ch"]
[Site "Sabinanigo"]
[Date "2016.11.12"]
[Round "5"]
[White "Torres Castello, David"]
[Black "Sanchez Lopez, Alejandro1111"]
[Result "0-1"]
[WhiteElo "1461"]
[BlackElo "1583"]
[PlyCount "66"]
[EventDate "2016.10.15"]
[EventType "swiss"]
[EventRounds "7"]
[EventCountry "ESP"]
[SourceTitle "EXT 2018"]
[Source "ChessBase"]
[SourceDate "2017.10.13"]
[SourceVersion "1"]
[SourceVersionDate "2017.10.13"]
[SourceQuality "1"]

1. d4 d5 2. e3 g6 3. c4 Bg7 4. Nc3 Nf6 5. Nf3 0-0 6. Bd3 Nc6 7. 0-0 Bg4 8. Be2 dxc4 9. Qa4 Nd7 10. Qxc4 Nb6 11. Qb3 Be6 12. Qd1 Rc8 13. a4 Nd5 14. Bd2 Nb6 15. Ne4 Bc4 16. b3 Bxe2 17. Qxe2 e5 18. dxe5 Nxe5 19. Nxe5 Bxe5 20. Rad1 Qd5 21. Bb4 Qxe4 22. Bxf8 Rxf8 23. Qd3 Qxd3 24. Rxd3 Bd6 25. Rfd1 f5 26. g3 Nd7 27. Rd5 Nf6 28. Rxd6 cxd6 29. Rxd6 Rf7 30. f3 Kg7 31. b4 Rd7 32. Re6 Kf7 33. Re5 Rd5 0-1